Top 100 NBA Players (2020-2021) - Statistics

General Stats
  • This quiz has been taken 204 times
  • The average score is 79 of 100
Answer Stats
# Player Team % Correct
1 LeBron James Lakers
100%
9 James Harden Rockets
99%
2 Anthony Davis Lakers
98%
16 Ben Simmons 76ers
98%
7 Damian Lillard Trail Blazers
98%
3 Giannis Antetokounmpo Bucks
98%
14 Joel Embiid 76ers
98%
5 Kawhi Leonard Clippers
98%
10 Nikola Jokic Nuggets
98%
91 Seth Curry 76ers
98%
8 Stephen Curry Warriors
98%
11 Jayson Tatum Celtics
97%
6 Kevin Durant Nets
97%
4 Luka Doncic Mavericks
97%
22 Bradley Beal Wizards
96%
15 Chris Paul Suns
96%
17 Devin Booker Suns
96%
12 Jimmy Butler Heat
96%
23 Karl-Anthony Towns Timberwolves
96%
25 Kyrie Irving Nets
96%
19 Zion Williamson Pelicans
96%
83 Dejounte Murray Spurs
95%
18 Donovan Mitchell Jazz
95%
21 Jamal Murray Nuggets
95%
24 Pascal Siakam Raptors
95%
20 Paul George Clippers
95%
30 Kyle Lowry Raptors
94%
26 Rudy Gobert Jazz
94%
36 Russell Westbrook Wizards
94%
13 Bam Adebayo Heat
93%
35 Khris Middleton Bucks
93%
27 CJ McCollum Trail Blazers
92%
31 Ja Morant Grizzlies
92%
32 Jaylen Brown Celtics
92%
29 Trae Young Hawks
91%
33 Jrue Holiday Bucks
90%
34 De'Aaron Fox Kings
89%
44 Draymond Green Warriors
89%
28 Brandon Ingram Pelicans
88%
100 Joe Harris Nets
88%
42 Nikola Vucevic Magic
88%
57 Tobias Harris 76ers
88%
41 Kristaps Porzingis Mavericks
87%
50 Domantas Sabonis Pacers
86%
38 Shai Gilgeous-Alexander Thunder
86%
54 Lonzo Ball Pelicans
84%
37 Marcus Smart Celtics
84%
48 Kemba Walker Celtics
82%
40 Fred VanVleet Raptors
81%
81 John Wall Rockets
81%
47 Victor Oladipo Pacers
81%
56 Zach LaVine Bulls
81%
45 Gordon Hayward Hornets
80%
39 Malcolm Brogdon Pacers
79%
52 Deandre Ayton Suns
77%
59 Tyler Herro Heat
77%
53 Jusuf Nurkic Trail Blazers
76%
65 Blake Griffin Pistons
75%
78 Aaron Gordon Magic
74%
43 Jaren Jackson Jr. Grizzlies
74%
69 D'Angelo Russell Timberwolves
72%
64 Kevin Love Cavaliers
72%
82 DeMar DeRozan Spurs
71%
75 Duncan Robinson Heat
71%
92 Mitchell Robinson Knicks
71%
46 Caris LeVert Nets
70%
84 John Collins Hawks
70%
74 Myles Turner Pacers
69%
86 Brook Lopez Bucks
68%
51 Michael Porter Jr. Nuggets
68%
49 Spencer Dinwiddie Nets
68%
98 Otto Porter Jr. Bulls
67%
87 Buddy Hield Kings
66%
95 LaMarcus Aldridge Spurs
66%
71 Mike Conley Jazz
66%
70 Steven Adams Pelicans
66%
62 Bogdan Bogdanovic Hawks
65%
73 Bojan Bogdanovic Jazz
65%
97 Derrick White Spurs
64%
94 Jarrett Allen Nets
63%
96 Marc Gasol Lakers
63%
58 Goran Dragic Heat
62%
67 Eric Bledsoe Pelicans
61%
76 Montrezl Harrell Lakers
59%
79 Dennis Schroder Lakers
57%
72 P.J. Tucker Rockets
57%
66 Serge Ibaka Clippers
57%
55 Christian Wood Rockets
56%
60 Robert Covington Trail Blazers
56%
89 Joe Ingles Jazz
55%
63 TJ Warren Pacers
54%
90 Patrick Beverley Clippers
53%
85 Danilo Gallinari Hawks
52%
77 Kentavious Caldwell-Pope Lakers
52%
68 OG Anunoby Raptors
51%
88 Jerami Grant Pistons
48%
61 Davis Bertans Wizards
47%
99 Marcus Morris Sr. Clippers
46%
93 Ricky Rubio Timberwolves
45%
80 Josh Richardson Mavericks
44%
No matching quizzes found
Score Distribution
Percent of People with Each Score
Percentile by Number Answered
Your Score History
You have not taken this quiz